00000000nmm##2200000za#4500
0019.682256
003CaOODSP
00520210615132818
007cj |||||||||||
008150407|2002||||xxc    |q  d#f      fre|d
040 |aCaOODSP|bfre
043 |an-cn---
0861 |aRH34-5/2002F-MR
1101 |aCanada.|bDéveloppement des ressources humaines Canada. |bDirection générale de l'investissement dans les ressources humaines.
24510|aTu cherches un emploi? |h[ressource électronique]
260 |aOttawa - Ontario : |bDéveloppement des ressources humaines Canada. |c[2002?].
300 |a1 disquette.
5203 |aQue tu sois à la recherche de ton premier emploi, un étudiant en recherche d’emploi ou quelqu’un qui cherche à changer de travail, Tu cherches un emploi? peut t’aider dans ta recherche d’emploi ou pour planifier ton cheminement de carrière.
590 |a03-39|b2003-09-26
69107|aApprentissage|2gcpds
69107|aInnovation|2gcpds
77508|tLooking for a job? |w(CaOODSP)9.649015
7760#|tLe savoir, clé de notre avenir : |w(CaOODSP)9.631203
7760#|tTu cherches un emploi? |w(CaOODSP)9.681884
7760#|tTu cherches un emploi? / |w(CaOODSP)9.682316
7760#|tTu cherches un emploi? |w(CaOODSP)9.682317